| 000 | 00873nam a22002297a 4500 | ||
|---|---|---|---|
| 005 | 20240118123603.0 | ||
| 008 | 240117b2007 |||||||| |||| 00| 0 eng d | ||
| 020 | _a3927783862 | ||
| 022 | _a 09496858 | ||
| 082 |
_a361.7 _bDUD |
||
| 100 | _aDudouet, Veronique | ||
| 245 |
_aSurviving the peace : _bchallenges of war-to-peace transitions for civil society organisations |
||
| 260 |
_aBerlin: _bBerghof Research Center for Constructive Conflict Management, _c2007 |
||
| 300 |
_a110 p. : ill. ; 30 cm. _bBibliography included |
||
| 440 |
_a Berghof series _v16 |
||
| 650 | _aCivil society- Political aspects | ||
| 650 | _aConflict management -Political aspects | ||
| 650 | _aNon-governmental organizations- Political aspects | ||
| 650 | _aPeace-building- Political aspects | ||
| 856 | _uhttps://edoc.vifapol.de//opus/volltexte/2011/2523/pdf/br16e.pdf | ||
| 942 | _cRP | ||
| 999 |
_c4634 _d4634 |
||